| 000 | 00364 a2200169 4500 | ||
|---|---|---|---|
| 001 | 190738 | ||
| 020 | _a85-7596-006-7 | ||
| 040 | _cMagnum | ||
| 100 | _aMunduruku, Daniel | ||
| 240 | 1 | 0 |
_aO sinal do pajé _lpor |
| 245 | 1 | 0 | _aO sinal do pajé |
| 300 | _a67 | ||
| 362 | 0 | _a2003 | |
| 440 | 1 | _aPeirópolis | |
| 697 | _aLITERATURA INFANTO-JUVENIL | ||
| 942 | _cBK | ||
| 999 |
_c190738 _d190738 |
||